Actors who worked with David Ayer - Statistics

General Stats
  • This quiz has been taken 16 times
  • The average score is 22 of 56
Answer Stats
Films Answer % Correct
Suicide Squad, Bright Will Smith
100%
Fury Brad Pitt
86%
Street Kings Keanu Reeves
86%
Fury Logan Lerman
86%
Suicide Squad Margot Robbie
86%
Fury, The Tax Collector Shia LaBeouf
86%
Street Kings Chris Evans
71%
Suicide Squad Jared Leto
71%
Bright Joel Edgerton
71%
Suicide Squad Joel Kinnaman
71%
Fury Jon Bernthal
71%
Harsh Times Christian Bale
57%
Fury, End of Watch Michael Peña
57%
Suicide Squad Viola Davis
57%
Sabotage Arnold Schwarzenegger
43%
Suicide Squad, Street Kings Common
43%
Suicide Squad, End of Watch David Harbour
43%
Street Kings Forest Whitaker
43%
End of Watch Jake Gyllenhaal
43%
The Beekeeper Jason Statham
43%
Suicide Squad, Bright Jay Hernandez
43%
The Beekeeper Jeremy Irons
43%
Sabotage Joe Manganiello
43%
Bright Noomi Rapace
43%
Sabotage Terrence Howard
43%
Street Kings, Harsh Times Terry Crews
43%
End of Watch Anna Kendrick
29%
Suicide Squad Ben Affleck
29%
Suicide Squad Cara Delevingne
29%
Bright Edgar Ramírez
29%
Harsh Times Eva Longoria
29%
End of Watch Frank Grillo
29%
Harsh Times Freddy Rodríguez
29%
Street Kings Hugh Laurie
29%
Suicide Squad Jai Courtney
29%
Fury Jason Isaacs
29%
The Beekeeper Josh Hutcherson
29%
Street Kings Naomie Harris
29%
Sabotage Olivia Williams
29%
Sabotage Sam Worthington
29%
Suicide Squad, Fury Scott Eastwood
29%
End of Watch America Ferrera
14%
The Tax Collector Bobby Soto
14%
The Tax Collector Cinthya Carmona
14%
The Tax Collector George Lopez
14%
Suicide Squad, Bright Ike Barinholtz
14%
Suicide Squad, Fury Jim Parrack
14%
Harsh Times J. K. Simmons
14%
Sabotage Josh Holloway
14%
Suicide Squad Karen Fukuhara
14%
Bright Lucy Fry
14%
The Beekeeper Minnie Driver
14%
End of Watch Natalie Martinez
14%
The Beekeeper Bobby Naderi
0%
The Beekeeper Emmy Raver-Lampman
0%
Suicide Squad Ezra Miller
0%
No matching quizzes found
Score Distribution
Percent of People with Each Score
Percentile by Number Answered
Your Score History
You have not taken this quiz